V TOP manažmente tretiny firiem na Slovensku sedia ženy

Podiel ženského manažmentu vo firmách v slovenských firmách.

Gespeichert in:
Bibliographische Detailangaben
Format: Buchkapitel
Sprache:Slowakisch
Schlagworte:
Tags: Tag hinzufügen
Keine Tags, Fügen Sie das erste Tag hinzu!

MARC

LEADER 00000naa a2200000 4500
001 0241404
005 20221104113143.3
041 0 |a slo 
044 |a SK 
245 1 0 |a V TOP manažmente tretiny firiem na Slovensku sedia ženy 
520 |a Podiel ženského manažmentu vo firmách v slovenských firmách. 
610 2 0 |a riadenie vrcholové 
610 2 0 |a ženy 
610 2 0 |a podnikanie 
610 2 0 |a Slovensko